Qui a tué qui dans Game of Thrones - Statistiques

Statistiques générales
  • Ce quiz a été pris 4 252 fois
  • Le résultat moyen est 15 sur 20
Statistiques - réponses
Hint Extra Hint Réponse % Correct
Daenerys Targaryen Poignardée Jon Snow
93%
Tywin Lannister Tué par une arbalète Tyrion Lannister
91%
Oberyn Martell Crâne écrasé Gregor Clegane "La Montagne"
90%
Petyr Baelish "Littlefinger" Egorgé Arya Stark
88%
Viserys Targaryen Brûlé avec de l'or fondu Khal Drogo
88%
Lysa Arryn Poussée par la Porte de la Lune Petyr Baelish "Littlefinger"
88%
Gregor Clegane "La Montagne" Poussé dans le vide par l'autre Sandor Clegane "Le Limier"
86%
Joffrey Baratheon Empoisonné Olenna Tyrell
85%
Shireen Baratheon Brûlée vive (sous les ordres de...) Mélisandre
84%
Theon Greyjoy Empalé avec une lance Le Roi de la Nuit
78%
Myrcella Baratheon Empoisonée Ellaria Sand
75%
Balon Greyjoy Poussé du haut d'un pont Euron Greyjoy
75%
Roose Bolton Poignardé Ramsay Bolton
75%
Ygritte Tuée d'une flèche Olly
73%
Robb Stark Poignardé en plein cœur, après avoir été blessé Roose Bolton
73%
Ned Stark Décapité Ilyn Payne
72%
Stannis Baratheon Tué d'un coup d'épée Brienne de Torth
69%
Euron Greyjoy Tué d'un coup d'épée Jaime Lannister
57%
Will Décapité Ned Stark
46%
Rodrik Cassel Décapité Theon Greyjoy
44%
Aucun quiz correspondant
Distribution des résultats
% des personnes avec chaque résultat
Percentile par nombre de réponses
Votre historique - résultats
Vous n’avez pas pris ce quiz